| 000 -CABECERA |
| fixed length control field |
01644nam a22003257a 4500 |
| 003 - IDENTIFICADOR DEL NÚMERO DE CONTROL |
| control field |
AR-CdUCM |
| 008 - DATOS DE LONGITUD FIJA--INFORMACIÓN GENERAL |
| fixed length control field |
260122b2024 pe ||||| |||| 00| 0 spa d |
| 020 ## - NÚMERO INTERNACIONAL ESTÁNDAR DEL LIBRO |
| ISBN |
978-612-03-0207-1 |
| 040 ## - FUENTE DE LA CATALOGACIÓN |
| Agencia/entidad que catalogó originalmente la obra |
MUNICIPALIDAD PROVINCIAL DEL CUSCO |
| Entidad que transcribió la catalogación |
BIBLIOTECA MUNICIPAL DEL CUSCO |
| 082 ## - NÚMERO DE LA CLASIFICACIÓN DECIMAL DEWEY |
| No. de Clasificación |
985.61 / |
| Notacion interna |
N94 |
| 100 ## - ENTRADA PRINCIPAL--NOMBRE DE PERSONA |
| Nombre Personal |
Núñez del Prado Morvely, Karen Mabel |
| 245 ## - MENCIÓN DE TÍTULO |
| Título |
La Sal un Recurso Vital en las Relaciones de Poder / |
| 260 ## - PUBLICACIÓN, DISTRIBUCIÓN, ETC. |
| Lugar de publicación, distribución, etc. |
Cusco : |
| Nombre de la editorial, distribuidor, etc. |
Karen Mabel Nuñez del Prado, |
| Fecha de publicación, distribución, etc. |
2024 |
| 300 ## - DESCRIPCIÓN FÍSICA |
| Nº de Páginas Extensión |
215 páginas. : |
| Dimensiones |
15 x 21 cm. |
| 500 ## - NOTA GENERAL |
| Bibliografía |
páginas 208 - 212 |
| 505 ## - NOTA DE CONTENIDO CON FORMATO |
| Nota de contenido formateada |
contenido: Capítulo I. Aspectos Generales -- Vías de acceso a la zona -- Límites -- Población -- Orografía del Distrito -- Capítulo II. La sal y su importancia -- Órdenes Eclesiásticas -- Las Salinas en el Antiguo Perú -- Capítulo III. Composición física de la sal -- Las evaporitas -- Envasado almacenamiento -- Sistema Hidráulico -- Capítulo IV. Etimología y Toponimia de la palabra cachi -- Marcavalle y Chanapata -- El poder de los Ayllus -- Capítulo V. Extensión territorial -- La Mina de Potosí -- Capítulo VI. Los Yacimientos -- La creación del Estado.... |
| 650 ## - PUNTO DE ACCESO ADICIONAL DE MATERIA--TÉRMINO DE MATERIA |
| Descriptor |
Ubicación |
| 9 (RLIN) |
49438 |
| 650 ## - PUNTO DE ACCESO ADICIONAL DE MATERIA--TÉRMINO DE MATERIA |
| Descriptor |
Vías de acceso a la zona |
| 9 (RLIN) |
52124 |
| 650 ## - PUNTO DE ACCESO ADICIONAL DE MATERIA--TÉRMINO DE MATERIA |
| Descriptor |
Hidrografía |
| 9 (RLIN) |
6357 |
| 650 ## - PUNTO DE ACCESO ADICIONAL DE MATERIA--TÉRMINO DE MATERIA |
| Descriptor |
Leyes del derecho |
| 9 (RLIN) |
52125 |
| 650 ## - PUNTO DE ACCESO ADICIONAL DE MATERIA--TÉRMINO DE MATERIA |
| Descriptor |
Obtención de la sal |
| 9 (RLIN) |
52126 |
| 650 ## - PUNTO DE ACCESO ADICIONAL DE MATERIA--TÉRMINO DE MATERIA |
| Descriptor |
Creación del estanco |
| 9 (RLIN) |
52127 |
| 650 ## - PUNTO DE ACCESO ADICIONAL DE MATERIA--TÉRMINO DE MATERIA |
| Descriptor |
Las Salinas |
| 9 (RLIN) |
52128 |
| 650 ## - PUNTO DE ACCESO ADICIONAL DE MATERIA--TÉRMINO DE MATERIA |
| Descriptor |
Preparación de pozas |
| 9 (RLIN) |
52129 |
| 650 ## - PUNTO DE ACCESO ADICIONAL DE MATERIA--TÉRMINO DE MATERIA |
| Descriptor |
Sistema Hidráulico |
| 9 (RLIN) |
52130 |
| 650 ## - PUNTO DE ACCESO ADICIONAL DE MATERIA--TÉRMINO DE MATERIA |
| Descriptor |
Guerras de expansión |
| 9 (RLIN) |
52131 |
| 942 ## - ELEMENTOS DE PUNTO DE ACCESO ADICIONAL (KOHA) |
| Fuente de clasificación |
|
| Tipo de item |
Libros-BMC |
| 945 ## - PROCESAMIENTO DE INFORMACIÓN LOCAL (OCLC) |
| Catalogador |
jmcs |
| AAAA-MM-DD - Fecha de ingreso o modificacion |
22/01/2026 |